000 00373nas a2200157 a 4500
001 32570
003 98575
005 20201118100855.0
008 ||||||n9999 ||| || ||
041 _aspa
245 0 _aPerfiles Liberales - No.51
260 _aBogotá :
_bEditorial Proliber,
_c1997.
562 _e1
773 _016205
_aPerfiles Liberales :
942 _cSISS
999 _c32570
_d32570